4 bệnh nguy hiểm ở vật nuôi và biện pháp phòng trị : ( Bệnh cúm gia cầm, Hội chứng rối loạn sinh sản hô hấp ở lợn, Bệnh liên cầu khuẩn, Bệnh lở mồm long móng)

Quyển sách trình bày hệ thống các đặc điểm bệnh lý lâm sàng, điều kiện lây truyền bệnh và kỹ thuật chuẩn đoán, phòng trị bệnh ở nước ta đối với 4 loại bệnh nguy hiểm là bệnh cúm gia cầm, hội chứng rối loạn sinh sản và hô hấp ở...

Descrición completa

Gardado en:
Detalles Bibliográficos
Formato: Libro
Idioma:Undetermined
Publicado: Hà Nội Nhà xuất bản Hà Nội 2009
Những chủ đề:
Các nhãn: Engadir etiqueta
Sen Etiquetas, Sexa o primeiro en etiquetar este rexistro!
Thư viện lưu trữ: Trung tâm Học liệu Trường Đại học Cần Thơ
LEADER 01273nam a2200217Ia 4500
001 CTU_142293
008 210402s9999 xx 000 0 und d
020 |c 32000 
082 |a 636.089 
082 |b B454 
245 0 |a 4 bệnh nguy hiểm ở vật nuôi và biện pháp phòng trị : 
245 0 |b ( Bệnh cúm gia cầm, Hội chứng rối loạn sinh sản hô hấp ở lợn, Bệnh liên cầu khuẩn, Bệnh lở mồm long móng) 
245 0 |c Phạm Sỹ Lăng,...[et al.] 
260 |a Hà Nội 
260 |b Nhà xuất bản Hà Nội 
260 |c 2009 
520 |a Quyển sách trình bày hệ thống các đặc điểm bệnh lý lâm sàng, điều kiện lây truyền bệnh và kỹ thuật chuẩn đoán, phòng trị bệnh ở nước ta đối với 4 loại bệnh nguy hiểm là bệnh cúm gia cầm, hội chứng rối loạn sinh sản và hô hấp ở lợn, bệnh lở mồm long móng,... 
650 |a Domestic animals,Poultry,Veterinary pathology,Vật nuôi 
650 |x Diseases,Diseases,Bệnh 
904 |i Năm 
980 |a Trung tâm Học liệu Trường Đại học Cần Thơ